A katholikus egyház baja.

Elmentve itt :
Bibliográfiai részletek
Szerző: Bodnár Zsigmond
Adatforrás:Philobibl
Forrásdokumentuma:Eszme
1902. évf., 69-91.p. p.
Dokumentumtípus: Cikk
Nyelv:magyar
LEADER 00277nab a2200097 c 4500
001 bibDOK00025476
005 20200924121956.8
008 060518s1902 xx hun
100 1 |a Bodnár Zsigmond 
245 1 2 |a A katholikus egyház baja.  |c Bodnár Zsigmond 
773 0 |t Eszme  |g 1902. évf., 69-91.p. p.